000 00729nam a2200205 i 4500
001 65650
003 ES-MaACL
005 20230906165431.0
007 t|
008 040120s1965 sp ||||1| spa d
100 1 _aFritzsche, C. Hellmut.
_952701
245 1 0 _aTratado de laboreo de minas con especial consideración de las minas de carbón /
_cpor C. Hellmut Fritzsche ; versión por José Castells y Carlos Castells.
250 _a[2ª ed.].
260 _aBarcelona :
_bLabor,
_c1965.
300 _a2 v. ;
_c24 cm.
500 _aEs continuación de la obra del mismo título de F. Heise y F. Herbst.
700 1 _aCastells, José.
_936588
700 1 _aCastells, Carlos.
_936582
852 _aES-MaACL
_jA-5989-90
_bR.94999
999 _c65650
_d65650